000
00367nam a2200181Ia 4500
100
_a
Powell/Thomas A
650
_a
Javascript
250
_a
3
942
_c
BK
366
_f
20
654
_a
javascript
245
_a
Javascript:Complete reference
260
_b
McGraw Hill
_c
2012
082
_a
5.133
_b
POW
300
_a
954
546
_a
ENGLISH
999
_c
26590
_d
26590